00566nam a2200169Ia 4500008004100000020001500041041001200056082001600068100001600084245005000100260003000150300000800180650001500188942000700203999001500210952017100225221030s9999 xx 000 0 und d a8185749469 aEnglish a105.23bKum aD. S. Kumar 0aThermal Scinece & Engineeringcby D. S. Kumar bS.K. KatariaaIndiac2002 a456 aMechanical cBK c3244d3244 pBE 5268g135.00l0o105.23 Kumr2024-06-13 00:00:00w2022-10-30yBK003Print4070aMIETLIBbMIETLIBcBL-Academic Block- A, FL-1, CUP-4, SH-0, R-3d2002-06-0110HBE